Concepts of database management (Record no. 73863)
[ view plain ]
| 000 -LEADER | |
|---|---|
| fixed length control field | 00801nam a22002297a 4500 |
| 003 - CONTROL NUMBER IDENTIFIER | |
| control field | URS |
| 005 - DATE AND TIME OF LATEST TRANSACTION | |
| control field | 20240416180536.0 |
| 008 - FIXED-LENGTH DATA ELEMENTS--GENERAL INFORMATION | |
| fixed length control field | 230609b ||||| |||| 00| 0 eng d |
| 020 ## - INTERNATIONAL STANDARD BOOK NUMBER | |
| International Standard Book Number | 9780357422083 |
| 040 ## - CATALOGING SOURCE | |
| Language of cataloging | eng |
| Transcribing agency | URS |
| Description conventions | rda |
| 050 00 - LIBRARY OF CONGRESS CALL NUMBER | |
| Classification number | QA 76.9 |
| Item number | .D3 C27 2021 |
| 100 ## - MAIN ENTRY--PERSONAL NAME | |
| 9 (RLIN) | 620 |
| Personal name | Friedrichsen, Lisa |
| 245 10 - TITLE STATEMENT | |
| Title | Concepts of database management |
| Statement of responsibility, etc. | Lisa Friedrichsen, Lisa Ruffolo, Ellen F. Monk, Joy L. Starks, Philipp J. Pratt, Mary Z. Last |
| 250 ## - EDITION STATEMENT | |
| Edition statement | 10th Edition |
| 260 ## - PUBLICATION, DISTRIBUTION, ETC. | |
| Place of publication, distribution, etc. | Australian: |
| Name of publisher, distributor, etc. | Cengage Publisher. |
| Date of publication, distribution, etc. | [2021] |
| 300 ## - PHYSICAL DESCRIPTION | |
| Extent | 398 pages |
| Other physical details | with illustrations |
| Dimensions | 25 cm |
| 504 ## - BIBLIOGRAPHY, ETC. NOTE | |
| Bibliography, etc. note | Includes index |
| 524 ## - PREFERRED CITATION OF DESCRIBED MATERIALS NOTE | |
| Preferred citation of described materials note | Friedrichsen.L.(2021) Concepts database management. Australian: Cengage Publishing. |
| 650 #0 - SUBJECT ADDED ENTRY--TOPICAL TERM | |
| 9 (RLIN) | 621 |
| Topical term or geographic name entry element | Database managment |
| 700 ## - ADDED ENTRY--PERSONAL NAME | |
| 9 (RLIN) | 622 |
| Personal name | Ruffolo, Lisa |
| 942 ## - ADDED ENTRY ELEMENTS (KOHA) | |
| Source of classification or shelving scheme | Library of Congress Classification |
| Koha item type | Reserved Books |
| Withdrawn status | Source of classification or shelving scheme | Damaged status | Not for loan | Collection code | Home library | Current library | Shelving location | Date acquired | Total Checkouts | Full call number | Barcode | Date last seen | Price effective from | Koha item type |
|---|---|---|---|---|---|---|---|---|---|---|---|---|---|---|
| Library of Congress Classification | Non-fiction | Cainta College Library | Cainta College Library | On Display | 06/09/2023 | QA 76.9.D3 C27 2021 | URSCAI-5351 | 06/09/2023 | 06/09/2023 | Reserved Books |